A preliminary note on the production of improved seeds of rubber in India (Record no. 49234)

MARC details
000 -LEADER
fixed length control field 00380nam a2200133Ia 4500
100 ## - MAIN ENTRY--AUTHOR NAME
Personal name Nair V.K.B.
245 #2 - TITLE STATEMENT
Title A preliminary note on the production of improved seeds of rubber in India
260 ## - PUBLICATION, DISTRIBUTION, ETC. (IMPRINT)
Name of publisher Rubber Board Bulletin
Year of publication 1966-68
300 ## - PHYSICAL DESCRIPTION
Number of Pages 22-29
650 ## - SUBJECT ADDED ENTRY--TOPICAL TERM
Topical Term Polyclonal seed garden
700 ## - ADDED ENTRY--PERSONAL NAME
Personal name Koshy O.P.
942 ## - ADDED ENTRY ELEMENTS (KOHA)
Koha item type Bibliography STAF
Holdings
Withdrawn status Lost status Damaged status Not for loan Home library Current library Shelving location Date acquired Serial Enumeration / chronology Koha item type
      Bibliography RRII Library RRII Library Botany 09/04/2014 Volume 9, Issue 1 Bibliography STAF